[Event "WchT 12th"]
[Site "Astana"]
[Date "2019.03.06"]
[Round "2.13"]
[White "Karjakin, Sergey"]
[Black "Amin, Bassem"]
[Result "1-0"]
[WhiteElo "2753"]
[BlackElo "2709"]
[Annotator "Krasenkow,M"]
[PlyCount "93"]
[EventDate "2019.03.05"]
[EventType "team-tourn"]
[EventRounds "9"]
[EventCountry "KAZ"]
[SourceTitle "CBM 189"]
[Source "ChessBase"]
[SourceDate "2019.04.29"]
[SourceVersion "1"]
[SourceVersionDate "2019.04.29"]
[SourceQuality "1"]
[WhiteTeam "Russia"]
[BlackTeam "Egypt"]
[WhiteTeamCountry "RUS"]
[BlackTeamCountry "EGY"]

{[%evp 0,93,19,32,16,-7,54,39,32,33,58,46,47,30,64,49,72,55,56,69,70,50,51,49,
47,41,63,35,31,38,70,63,67,67,98,71,73,79,181,183,182,168,181,168,168,168,232,
166,141,141,133,123,128,146,109,113,117,114,93,109,138,114,176,233,160,154,184,
163,177,177,216,213,218,201,201,194,183,194,211,202,203,148,162,159,182,195,
185,185,185,185,200,200,208,251,289,308]} 1. d4 Nf6 2. c4 g6 3. Nc3 Bg7 4. e4
O-O 5. Nf3 d6 6. Be2 e5 7. O-O Nc6 8. d5 Ne7 9. Ne1 Nd7 10. Nd3 f5 11. f3 f4
12. Bd2 g5 13. Be1 {An interesting move order. White assumes that this move is
necessary anyway.} h5 (13... Ng6 14. Bf2 $6 {leads to a position usually
arising from another line, with White's turn to move (after 10.Be3 f5 11.f3 f4
12.Bf2 g5 13.Nd3 Ng6) but Sergey Karjakin had probably prepared some
alternative} ({e.g.} 14. b4)) 14. a4 Ng6 ({If} 14... a5 {then} 15. Nb5 {
followed by b2-b4 a5xb4 Be1xb4}) 15. a5 Rf7 (15... Nf6 $5) 16. Bf2 Bf8 $2 (
16... Nf6 $5 {looks more to the point. I guess this position will be
thoroughly analysed in the near future.}) 17. Nb5 $1 a6 18. Na7 $1 {That's why
...Nd7-f6 was essential. White wants to trade Black's important light-squared
bishop, after which Black will not be able to launch a successful attack on
White's king. Bassem Amin prefers to sacrifice an exchange but doesn't get
enough compensation.} Rxa7 19. Bxa7 Nf6 20. c5 g4 21. cxd6 Bxd6 (21... cxd6 22.
Rc1 {- in the worst case White will give back this rook for Black's c8 bishop.}
) 22. Nc5 $5 {- and now that bishop will be shut up by Nc5-e6.} b5 23. Ne6 $1
Bxe6 24. dxe6 Rg7 25. fxg4 hxg4 26. Bxg4 Qa8 27. Bf2 Qxe4 28. Re1 $6 {The
position has opened up, and White's bishop pair becomes an important factor.
Still, White should mind Black's counterplay.} (28. Bh3 $142 {- Black should
remove his queen and play ...e5-e4 anyway. E.g.} Qb4 29. Qc2 e4 30. Kh1 $16)
28... Qb4 29. Bf5 $2 {An inaccurate move.} (29. Bh3 $142 {If} e4 {then} 30. Qd4
$1 e3 31. Qxf6 exf2+ 32. Kxf2 Bc5+ 33. Kf1 $18 Qc4+ $140 34. Re2 f3 35. Qxf3)
29... Ne7 $2 {But Black misses his chance.} (29... e4 $1 30. Qd4 (30. Bd4 $2
Bc5) 30... e3 $1 31. Qxf6 exf2+ 32. Kxf2 Bc5+ 33. Kf1 Qc4+ 34. Re2 f3 35. gxf3
Nf4 36. Qd8+ Bf8 37. Rae1 Nxe2 38. Rxe2 Qc1+ 39. Re1 Qf4 {, and Black is not
worse}) 30. Qd3 Qxb2 31. Reb1 e4 {Too late!} 32. Bxe4 Qe5 33. Re1 $18 Nxe4 34.
Qxe4 Qh5 35. Rad1 Qg6 36. Bd4 Qxe4 37. Rxe4 Rg5 38. Bf6 Rd5 39. Rxd5 Nxd5 40.
e7 Nxf6 41. e8=Q+ Nxe8 42. Rxe8+ Kf7 43. Ra8 b4 44. Kf1 Ke6 45. Ke2 Kd5 46.
Rxa6 Be5 47. Ra8 1-0